000 00297nam a2200121Ia 4500
008 220120s9999||||xx |||||||||||||| ||und||
082 _a624 YAS
100 _aYashawanth, Waghmare
_911339
245 0 _aClassical mechanics
260 _bBangalore
_c1999
300 _a694p.
_b195
650 _aPHYSICS
999 _c136218
_d136218